| 000 | 00925nas a2200301 4500 | ||
|---|---|---|---|
| 001 | BR2011006228 | ||
| 003 | BR-BrBNA | ||
| 005 | 20231205115647.0 | ||
| 007 | ta | ||
| 008 | 230509b bl.|||p| |||| 00| 00por d | ||
| 040 |
_aBR-BrBNA _bpor _cBiblioteca Nacional de Agricultura |
||
| 041 | _a(Pt) | ||
| 072 | _aP33 | ||
| 100 | 1 | _aStürmer, S.L.K. | |
| 100 | 1 | _aRossato, O.B. | |
| 100 | 1 | _aCopetti, A.C.C. | |
| 100 | 1 | _aSantos, D.R. dos | |
| 100 | 1 | _aCalegari, A. | |
| 100 | 1 | _aBrum, B. | |
| 245 | 1 | _aVariações nos teores de carbono orgânico em função do desmatamento e revegetação natural do solo | |
| 650 | _aMANEJO DO SOLO | ||
| 650 | _aMATÉRIA ORGÂNICA | ||
| 650 | _aESSÊNCIA FLORESTAL | ||
| 650 | _aDESMATAMENTO | ||
| 773 | 0 |
_tCiência Florestal (Brazil) _xISSN 0103-9954 _g(Apr-Jun 2011), v. 21(2) p. 241-250 _wBR2011006228 |
|
| 909 |
_a202311 _bLúcia _c55 _dLúcia Elande |
||
| 942 |
_2AGRIS _n0 _cANA |
||
| 999 |
_c215094 _d215094 |
||